LEADER 01460nam0 2200385 450 001 000022646 005 20090209131642.0 010 $a88-421-0620-8$bvol. 1 010 $a88-421-0621-6$bvol. 2 010 $a88-421-0622-4$bvol. 3 010 $a88-421-0623-2$bvol. 4 010 $a88-421-0624-0$bvol. 5 100 $a20090205d2001----km-y0itay50------ba 101 0 $aita 102 $aIT 105 $aa-------001yy 200 1 $aStoria della Calabria$f[a cura di] P. Bevilacqua 210 $aRoma$aBari$cLaterza$d2001 215 $a5 v.$cill.$d21 cm 225 2 $aStorie regionali 327 1 $a1.: Dalla preistoria all'alto impero romano / Piero Bevilacqua ... [et al.]$a2.: Dal tardo impero romano al 1350 / Filippo Burgarella, Giorgio Otranto, Augusto Placanica$a3.: Dal 1350 al 1650 / Mario Alcaro ... [et al.]$a4.: Dal 1650 al 1900 / Francesco Barra ... [et al.]$a5.: Il Novecento / Vittorio Cappelli ... [et al.] 410 0$12001$aStorie regionali 500 10$aStoria della Calabria$959934 610 1 $aCalabria$aStoria 676 $a945.78$v19$9Storia della Calabria 702 1$aBevilacqua,$bPiero$4070 801 0$aIT$bUNIPARTHENOPE$c20090205$gRICA$2UNIMARC 912 $a000022646 951 $a040S/139a$b333$cNAVA2 951 $a040S/139b$b334$cNAVA2 951 $a040S/139c$b335$cNAVA2 951 $a040S/139d$b336$cNAVA2 951 $a040S/139e$b337$cNAVA2 996 $aStoria della Calabria$959934 997 $aUNIPARTHENOPE LEADER 01205cam0 2200337 450 001 E600200028975 005 20200930090540.0 010 $a8835934990 100 $a20070905d1991 |||||ita|0103 ba 101 $aita 102 $aIT 200 1 $aRicordi$fAlexis de Tocqueville$gprefazione di Fernand Braudel$ga cura di Corrado Vivanti 210 $aRoma$cEditori riuniti$d1991 215 $aXXIX, 435 p.$d21 cm 225 2 $aGrandi 300 $aTrad. di Anna Salmon Vivanti 410 1$1001LAEC00017691$12001 $aI *Grandi 700 1$aTocqueville$b, Alexis : de$3A600200029592$4070$0280097 702 1$aVivanti, Corrado$3AF00015955$4070 702 1$aBraudel, Fernand$3AF00013701$4070 801 0$aIT$bUNISOB$c20200930$gRICA 850 $aUNISOB 852 $aUNISOB$j900$m72415 852 $aUNISOB$j900$m70674 912 $aE600200028975 940 $aM 102 Monografia moderna SBN 941 $aM 957 $a900$b002463$gSi$d72415$racquisto$1pregresso2$2UNISOB$3UNISOB$420070905111518.0$520200930090524.0$6rovito 957 $a900$b002403$gSi$d70674$racquisto$1pregresso2$2UNISOB$3UNISOB$420070903101349.0$520200930090540.0$6rovito 996 $aSouvenirs$937012 997 $aUNISOB LEADER 01295nam0 22003133i 450 001 RML0491068 005 20231121125804.0 010 $a3929776138 100 $a20220523d2001 ||||0itac50 ba 101 | $ager 102 $ade 181 1$6z01$ai $bxxxe 182 1$6z01$an 200 1 $aFriedrich 2 210 $aWandler der Welt ?$dVortrag der Gedenkveranstaltung zum 750. Todestag Kaiser Friedrichs 2. von Hohenstaufen (1194 - 1250) in der Stadthalle Göppingen / Arnold Esch 215 $aGöppingen$cGesellschaft für Staufische Geschichte, 2001. - 48 p. : Ill.$d24 cm. 225 | $aSchriften zur staufischen Geschichte und Kunst$v21 410 0$1001FOG0220128$12001 $aSchriften zur staufischen Geschichte und Kunst$v21 606 $aFEDERICO 2. $2FIR$3NAPC172961$9I 676 $a943.025092$9STORIA. GERMANIA. 1198-1273. Persone$v22 700 1$aEsch$b, Arnold$3CFIV086298$4070$0152057 801 3$aIT$bIT-01$c20220523 850 $aIT-FR0017 899 $aBiblioteca umanistica Giorgio Aprea$bFR0017 $eN 912 $aRML0491068 950 0$aBiblioteca umanistica Giorgio Aprea$d 52DGA S 329$e 52SBA0000273445 VMB RS $fA $h20220523$i20220523 977 $a 52 996 $aFriedrich 2.$9896337 997 $aUNICAS